00300nam a22001097a 4500082002900000100002400029245003700053260003000090300002400120526003700144650000900181 a891.4393bQUDcN-1, P-50 aQudrat Ullah Shahab aیا خداcQudrat Ullah Shahab aLahorebSang e meelc1999 a102 p.btextc22 cm a0b0c0d891_439300000000000_QUD aNUST